Movies Quiz

Random Movies or Actor Quiz

Click a Movie President Quiz Stats

 Plays Quiz Updated Jul 14, 2017

Support Sporcle.
Go Orange.
Score 0/20 Timer 05:00
0 Plays Today
% Correct
Harrison Ford
(Air Force One)
96.1%
John Travolta
(Primary Colors)
95.8%
Charlie Sheen
(Machete Kills)
95.3%
Samuel L. Jackson
(Big Game)
95.2%
Jamie Foxx
(White House Down)
95%
Jack Nicholson
(Mars Attacks!)
94.8%
George Clooney
(Spy Kids 3-D)
94.6%
Morgan Freeman
(Deep Impact)
93.9%
Billy Bob Thornton
(Love Actually)
92.5%
Michael Douglas
(The American President)
91.6%
% Correct
Kevin James
(Pixels)
91.5%
Ben Kingsley
(Dave)
91.3%
Henry Fonda
(Meteor)
90.7%
Leslie Nielsen
(Scary Movie 4)
90.4%
Gene Hackman
(Absolute Power)
90.1%
Michael Keaton
(First Daughter)
89.7%
Stephen Colbert
(Monsters vs. Aliens)
89.5%
Bill Pullman
(Independence Day)
87.6%
Polly Bergen
(Kisses for My President)
87%
Sela Ward
(Independence Day:
Resurgence)
85.3%

You're not logged in!

Compare scores with friends on all Sporcle quizzes.
OR
Log In
Forgot?

From the Vault

Landslide Elections

by alguil

Fleetwood Mac approves this message.
Remove Ads.
Support Sporcle.
Get the best of Sporcle when you Go Orange. This ad-free experience offers more features, more stats, and more fun while also helping to support Sporcle. Thank you for becoming a member.

Show Comments

Extras

Top Quizzes Today


Score Distribution

Your Account Isn't Verified!

In order to create a playlist on Sporcle, you need to verify the email address you used during registration. Go to your Sporcle Settings to finish the process.

Report this User

Report this user for behavior that violates our Community Guidelines.

Details: